Normal view MARC view
  • New England

Entry Geographic Name

Number of records used in: 2

001 - CONTROL NUMBER

  • control field: 11598

003 - CONTROL NUMBER IDENTIFIER

  • control field: NUST

005 - DATE AND TIME OF LATEST TRANSACTION

  • control field: 20180712052921.0

008 - FIXED-LENGTH DATA ELEMENTS

  • fixed length control field: 180712|| aca||aabn | a|a d

040 ## - CATALOGING SOURCE

  • Original cataloging agency: NUST
  • Transcribing agency: NUST

151 ## - HEADING--GEOGRAPHIC NAME

  • Geographic name: New England
  • Form subdivision: Juvenile fiction.

670 ## - SOURCE DATA FOUND

  • Source citation: Work cat.: (NUST)173024: Alcott, Louisa May, 1832-1888. 8240, Little women and Good wives /, 1992.
© 2023 Central Library, National University of Sciences and Technology. All Rights Reserved.